Central Library OPAC University of Rajshahi

Co-operation in the Soviet Union : (Record no. 3700)

MARC details
000 -LEADER
fixed length control field 00774cam a22002531a 4500
001 - CONTROL NUMBER
control field 3700
003 - CONTROL NUMBER IDENTIFIER
rucl marc code BD-RjUL
005 - DATE AND TIME OF LATEST TRANSACTION
control field 20211208233755.0
008 - FIXED-LENGTH DATA ELEMENTS--GENERAL INFORMATION
fixed length control field 131219s1946 enk 0 eng d
035 ## - SYSTEM CONTROL NUMBER
System control number (BD-RjUL)3734
System control number (BD-RjUL)
040 ## - CATALOGING SOURCE
Original cataloging agency NUN
Language of cataloging eng
Transcribing agency NUN
Modifying agency NNCU:A
041 ## - LANGUAGE CODE
Language code of text/sound track or separate title eng
082 04 - DEWEY DECIMAL CLASSIFICATION NUMBER
Classification number 334.0947
Edition number 16
Author mark and year BAC 1946
100 1# - MAIN ENTRY--PERSONAL NAME
Personal name Barou, N.
Fuller form of name (Noah),
Dates associated with a name 1889-1955.
9 (RLIN) 11748
245 10 - TITLE STATEMENT
Title Co-operation in the Soviet Union :
Remainder of title a study prepared for the Fabian Society./
Statement of responsibility, etc. N Barou
260 ## - PUBLICATION, DISTRIBUTION, ETC. (IMPRINT)
Place of publication, distribution, etc. London. :
Name of publisher, distributor, etc. Gollancz,
Date of publication, distribution, etc. 1946.
300 ## - PHYSICAL DESCRIPTION
Pagination 123 p. ;
Size 12 cm.
526 ## - STUDY PROGRAM INFORMATION NOTE
Requested Dept. Sociology
650 #0 - SUBJECT ADDED ENTRY--TOPICAL TERM
Topical term or geographic name as entry element Cooperative societies
Geographic subdivision Soviet Union.
9 (RLIN) 11749
Topical term or geographic name as entry element Collective farms
Geographic subdivision Soviet Union.
9 (RLIN) 11750
Topical term or geographic name as entry element Cooperation
Geographic subdivision Soviet Union.
9 (RLIN) 11751
942 ## - ADDED ENTRY ELEMENTS (KOHA)
Source of classification or shelving scheme Dewey Decimal Classification
Koha item type Books
Holdings
Lost status Source of classification or shelving scheme Damaged status Not for loan Collection code Permanent Location Current Location Shelving location Date acquired Source of acquisition Cost, normal purchase price Total Checkouts Full call number Date last seen Copy number Koha item type
  Dewey Decimal Classification   Not For Loan Non-fiction Central Library, University of Rajshahi Central Library, University of Rajshahi Reading Room 11/11/1963 A G. BEREST 10.60   334.0947 BAC 1946 19/12/2013 C-1 Books